000 00772nam a2200241 i 4500
001 C2-0322802
003 PPAK
005 20180728121610.0
008 130915s2013 my a|||| ||||| | may d
020 _a9789670223728
040 _aPPAK
_beng
_cPPAK
_erda
082 0 4 _a372.21
_223
090 0 0 _a372.21
_bKAM
_dG
100 0 _aKamisah Buang,
_eauthor
245 1 0 _aPerkembangan literasi :
_btinjauan prestasi kanak-kanak & perspektif kajian
264 1 _aKlang, Selangor :
_bPustaka Fitri ,
_c2013
300 _aiii, 245 pages :
_bcolour illustrations ;
_c21 cm
336 _2rdacontent
_atext
337 _2rdamedia
_aunmediated
338 _2rdacarrier
_avolume
650 1 0 _aEarly childhood education - Psychological. ; Education innovations.
942 _ddc
_cB
999 _c123038
_d123038